Tư duy kinh tế Việt Nam 1975 - 1989 : Nhật ký thời bao cấp
Tình hình kinh tế Việt Nam giai đoạn 1975-1989. Tư duy, đường lối kinh tế giai đoạn 1975-1979. Tình hình, những chuyển biến kinh tế những năm 1979-1980. Những nội dung chính, những chuyển biến quan trọng trong chính sách kinh tế giai đoạn 1986-1989...
Spremljeno u:
| Glavni autor: | |
|---|---|
| Format: | Knjiga |
| Jezik: | Undetermined |
| Izdano: |
Hà Nội
Tri thức
2009
|
| Teme: | |
| Oznake: |
Dodaj oznaku
Bez oznaka, Budi prvi tko označuje ovaj zapis!
|
| Thư viện lưu trữ: | Trung tâm Học liệu Trường Đại học Cần Thơ |
|---|
| LEADER | 01034nam a2200241Ia 4500 | ||
|---|---|---|---|
| 001 | CTU_147611 | ||
| 008 | 210402s9999 xx 000 0 und d | ||
| 020 | |c 80000 | ||
| 082 | |a 330.9597 | ||
| 082 | |b Ph431 | ||
| 100 | |a Đặng, Phong | ||
| 245 | 0 | |a Tư duy kinh tế Việt Nam 1975 - 1989 : | |
| 245 | 0 | |b Nhật ký thời bao cấp | |
| 245 | 0 | |c Đặng Phong | |
| 260 | |a Hà Nội | ||
| 260 | |b Tri thức | ||
| 260 | |c 2009 | ||
| 520 | |a Tình hình kinh tế Việt Nam giai đoạn 1975-1989. Tư duy, đường lối kinh tế giai đoạn 1975-1979. Tình hình, những chuyển biến kinh tế những năm 1979-1980. Những nội dung chính, những chuyển biến quan trọng trong chính sách kinh tế giai đoạn 1986-1989 | ||
| 650 | |a Economic conditional,Economic policy,Kinh tế Việt Nam | ||
| 650 | |y 1975 - 1989 | ||
| 650 | |z Vietnam | ||
| 904 | |i Hạ Nguyên | ||
| 980 | |a Trung tâm Học liệu Trường Đại học Cần Thơ | ||